THE FORMAL SEMANTICS OF PROGRAMMING LANGUAGES: AN INTRODUCTION (Record no. 216601)

MARC details
000 -LEADER
fixed length control field 00580nam a22001817a 4500
008 - FIXED-LENGTH DATA ELEMENTS--GENERAL INFORMATION
fixed length control field 260224b |||||||| |||| 00| 0 eng d
020 ## - INTERNATIONAL STANDARD BOOK NUMBER
International Standard Book Number 978-0-2622-3169-5
050 ## - LIBRARY OF CONGRESS CALL NUMBER
Classification number QA 76.9 .W56 1993
100 ## - MAIN ENTRY--PERSONAL NAME
Personal name WINSKEL,GLYNN
245 ## - TITLE STATEMENT
Title THE FORMAL SEMANTICS OF PROGRAMMING LANGUAGES: AN INTRODUCTION
250 ## - EDITION STATEMENT
Edition statement 2ND EDITION
260 ## - PUBLICATION, DISTRIBUTION, ETC.
Place of publication, distribution, etc. CAMBRIDGE
Name of publisher, distributor, etc. THE MIT PRESS
Date of publication, distribution, etc. 1993
300 ## - PHYSICAL DESCRIPTION
Extent XVIII,361P.
500 ## - GENERAL NOTE
General note INCLUDES BIBLIOGRAPHICAL REFERENCES AND INDEXES
650 ## - SUBJECT ADDED ENTRY
Topical term or geographic name entry element PROGRAMMING LANGUAGES (ELECTRONIC COMPUTERS)- SEMANTICS
942 ## - ADDED ENTRY ELEMENTS (KOHA)
Source of classification or shelving scheme Library of Congress Classification
Koha item type Long Loan Book
Holdings
Withdrawn status Lost status Source of classification or shelving scheme Damaged status Not for loan Collection Home library Current library Date acquired Inventory number Total checkouts Full call number Barcode Date last seen Copy number Price effective from Koha item type
    Library of Congress Classification     Science & Technology Kisii University Library Kisii University Library 02/24/2026 111967   QA 76.7 .W56 1993 A001030 02/24/2026 1 02/24/2026 Long Loan Book
    Library of Congress Classification     Science & Technology Kisii University Library Kisii University Library 02/24/2026 111968   QA 76.7 .W56 1993 A001029 02/24/2026 2 02/24/2026 Long Loan Book
    Library of Congress Classification     Science & Technology Kisii University Library Kisii University Library 02/24/2026 111969   QA 76.7 .W56 1993 A001031 02/24/2026 3 02/24/2026 Long Loan Book
    Library of Congress Classification     Science & Technology Kisii University Library Kisii University Library 02/24/2026 111970   QA 76.7 .W56 1993 A001032 02/24/2026 4 02/24/2026 Long Loan Book
    Library of Congress Classification     Science & Technology Kisii University Library Kisii University Library 02/24/2026 111971   QA 76.7 .W56 1993 -A001034 02/24/2026 5 02/24/2026 Long Loan Book